| 000 | 008490000a22001810004500 | ||
|---|---|---|---|
| 041 | 0 | _aSPA | |
| 082 | 0 | 4 | _aG 908 P9621r |
| 100 | 1 | _aProaño, Leonidas | |
| 245 | 1 | 0 | _aRupito / Leonidas Proaño ; director general Iván Égüez |
| 260 | _aQuito, Ecuador : Campaña Nacilnal Eugenio Espejo por el Libro y la Lectura Manuela Sáenz | ||
| 300 | _a142 Pág | ||
| 440 | 0 | _aColección Luna Viva | |
| 501 | _arústico | ||
| 505 | 0 | 0 | _aLos primeros problemas del adolescente -- Empieza la edad de los sueños -- necesitado de comprensión y afecto -- Probando la dulzura de la amistad -- un tío que hace las veces de padre -- Nacen grandes ambiciones -- Forja del hombre -- Una edad difícil y compleja -- Amorío: los problemas del corazón -- Cuando empieza a meterse en problemas de mayores |
| 650 | 1 | 4 | _aAdolescencia |
| 001 | 11238 | ||
| 942 | _cBK | ||
| 999 |
_c40597 _d40597 |
||